000 02369cam a2200349 a 4500
999 _c8887
_d8887
001 32551525
003 OCoLC
005 20241126110700.0
008 950505s1996 tnua bf 000 0 eng
010 _a 95009335
020 _a0805410600
_q(pb)
020 _a9780805410600
_q(pb)
035 _a(OCoLC)32551525
040 _aDLC
_beng
_cDLC
_dCBC
_dOCL
_dOCLCQ
_dBAKER
_dBTCTA
_dYDXCP
_dLMR
_dOCLCO
_dOCLCF
_dOCLCQ
_dCIRBC
_dAKACC
_dOCL
_dCIRBC
050 0 0 _aBV1471.2
_b.C499 1996
082 0 0 _a268.1
_220
_bCHR
092 0 _a268.1
_bC5552
245 0 0 _aChristian education handbook /
_cBruce P. Powers, editor.
260 _aNashville, Tenn. :
_bBroadman & Holman Publishers,
_c℗♭1996.
300 _avi, 314 pages :
_billustrations ;
_c23 cm
336 _atext
_btxt
_2rdacontent
337 _aunmediated
_bn
_2rdamedia
338 _avolume
_bnc
_2rdacarrier
500 _a"A revised and completely updated edition."
504 _aIncludes bibliographical references (pages 311-312).
505 0 0 _rEducational ministry of the Church /
_rBruce P. Powers --
_tChristian education and theology /
_rDaniel Aleshire --
_tThe Christian witness /
_rBruce P. Powers --
_tHow to plan and evaluate /
_rBob I. Johnson --
_tHow to organize and coordinate /
_rBob I. Johnson --
_tHow to staff and motivate /
_rJerry M. Stubblefield --
_tAdministering church educational organizations /
_rBruce P. Powers --
_tAdministering specialized educational activities /
_rJerry M. Stubblefield --
_tChristian education and the small church /
_rJerry M. Stubblefield --
_tTraining teachers and leaders /
_rEdward A. Buchanan --
_tGuiding outreach and enlistment /
_rBruce P. Powers --
_tNurturing and teaching new Christians /
_rEdward A. Buchanan --
_tRenewing educational ministry /
_rJames F. Hines --
_tLeadership in the small church /
_rBob I. Johnson --
_tThe role of the pastor in Christian education /
_rC. Ferris Jordan.
520 _aExplores the fundamentals of Christian educations and provides educators with day-by-day tools and lessons to teach church education programs. Offers tips on organization, training, and leadership skills and features more than 100 figures, graphs, and worksheets throughout.
650 0 _aChristian education
_vHandbooks, manuals, etc.
_915605
655 7 _aHandbooks and manuals.
_2fast
_0(OCoLC)fst01423877
_911751
700 1 _aPowers, Bruce P.
_915606
942 _2ddc
_cBK
_011